000 01052nam a22002177a 4500
005 20140303114336.0
008 140303t2012 io abd grf 00| 0 eng d
020 _a9786028693899
041 _aeng
082 _a333.7316
_bC56p
110 2 _aCenter for International Forestry Research
_913381
242 _aGuía practica para el sustento socio-económico, permanencia en la tierra y encuentas sobre derechos para uso colaborativo en ecosistemas basados en el uso y planeamiento de la tierra
_cCenter for International Forestry Research
_yspa
245 _aPractical guide for socio-economic livelihood, land tenure and rights surveys for use in collaborative ecosystem-based land use planning
_cCenter for International Forestry Research
260 _aBogor
_bCenter for International Forestry Research
_c2012
300 _a92 p.
_bil., tablas, mapas
_c25 cm
504 _aIncluye bibliografía (páginas 91 y 92)
650 4 _aEncuestas
_vGuía
_xUso de la Tierra
_913382
710 2 _aCIRAD
_913383
710 2 _aEFECA
_913384
942 _2ddc
_cImpreso
999 _c8198
_d8198